<?xml version="1.0" encoding="UTF-8"?>
<record
    xmlns:xsi="http://www.w3.org/2001/XMLSchema-instance"
    xsi:schemaLocation="http://www.loc.gov/MARC21/slim http://www.loc.gov/standards/marcxml/schema/MARC21slim.xsd"
    xmlns="http://www.loc.gov/MARC21/slim">

  <leader>02083nab a22002897a 4500</leader>
  <datafield tag="999" ind1=" " ind2=" ">
    <subfield code="c">5407</subfield>
    <subfield code="d">5407</subfield>
  </datafield>
  <controlfield tag="003">OSt</controlfield>
  <controlfield tag="005">20250312092152.0</controlfield>
  <controlfield tag="008">190604e        xxu||||| |||| 00| 0 spa d</controlfield>
  <datafield tag="040" ind1=" " ind2=" ">
    <subfield code="c">PJ</subfield>
  </datafield>
  <datafield tag="100" ind1=" " ind2=" ">
    <subfield code="9">6435</subfield>
    <subfield code="a">Garay, Oscar Ernesto</subfield>
  </datafield>
  <datafield tag="245" ind1="1" ind2="0">
    <subfield code="a">Necesidad de una Ley de calidad en la atenci&#xF3;n de la salud y de seguridad de los y las pacientes /</subfield>
    <subfield code="c">Oscar Ernesto Garay.</subfield>
  </datafield>
  <datafield tag="260" ind1=" " ind2=" ">
    <subfield code="a">Ciudad Aut&#xF3;noma de Buenos Aires :</subfield>
    <subfield code="b">Thomson Reuters La Ley, </subfield>
    <subfield code="c">2024.</subfield>
  </datafield>
  <datafield tag="300" ind1=" " ind2=" ">
    <subfield code="a">p. 3-48</subfield>
  </datafield>
  <datafield tag="500" ind1=" " ind2=" ">
    <subfield code="a">Cita Online: TR LALEY AR/DOC/1530/24.</subfield>
  </datafield>
  <datafield tag="505" ind1=" " ind2=" ">
    <subfield code="a">Sumario: I. Introducci&#xF3;n.&#x2014; II. La finalidad de alcanzar la calidad y la seguridad en la atenci&#xF3;n sanitaria.&#x2014; III. Marco normativo para la calidad en salud y la seguridad del/de la paciente.&#x2014; IV. &#xC9;tica y bio&#xE9;tica. Antecedentes acerca de la calidad en la atenci&#xF3;n de la salud y sobre la seguridad del / de la paciente. Pol&#xED;ticas de la OMS/OPS.&#x2014; V. Planteando objetivos en post de la calidad y seguridad en salud.&#x2014; VI. Filosof&#xED;a de la ley. Principios.&#x2014; VII. Calidad de la atenci&#xF3;n sanitaria.&#x2014; VIII. Seguridad de la atenci&#xF3;n sanitaria. Seguridad de pacientes.&#x2014; IX. &#xC1;mbito de aplicaci&#xF3;n de la "Ley Nicol&#xE1;s".&#x2014; X. El equipo de salud.&#x2014; XI. De las instituciones prestadoras del servicio de salud.&#x2014; XII. De los registros.&#x2014; XIII. Acerca de la notificaci&#xF3;n de eventos adversos.&#x2014; XIV. La creaci&#xF3;n del Registro Unificado de Eventos Centinela (RUDEC).&#x2014; XV. La autoridad de aplicaci&#xF3;n de la "Ley Nicol&#xE1;s". Funciones.&#x2014; XVI. Final.</subfield>
  </datafield>
  <datafield tag="505" ind1=" " ind2=" ">
    <subfield code="t">&#xBF;Te interesa el texto completo? Solicitalo al correo: koha@justierradelfuego.gov.ar
</subfield>
  </datafield>
  <datafield tag="650" ind1=" " ind2="0">
    <subfield code="9">1253</subfield>
    <subfield code="a">DERECHO A LA SALUD</subfield>
  </datafield>
  <datafield tag="650" ind1=" " ind2="0">
    <subfield code="9">4094</subfield>
    <subfield code="a">BIO&#xC9;TICA</subfield>
  </datafield>
  <datafield tag="650" ind1=" " ind2="0">
    <subfield code="9">1497</subfield>
    <subfield code="a">CODIGO CIVIL Y COMERCIAL</subfield>
  </datafield>
  <datafield tag="650" ind1=" " ind2="0">
    <subfield code="9">5365</subfield>
    <subfield code="a">ASISTENCIA M&#xC9;DICA</subfield>
  </datafield>
  <datafield tag="650" ind1=" " ind2="0">
    <subfield code="9">4418</subfield>
    <subfield code="a">TRATAMIENTO M&#xC9;DICO</subfield>
  </datafield>
  <datafield tag="650" ind1=" " ind2="0">
    <subfield code="9">614</subfield>
    <subfield code="a">DERECHOS HUMANOS</subfield>
  </datafield>
  <datafield tag="650" ind1=" " ind2="0">
    <subfield code="9">3350</subfield>
    <subfield code="a">M&#xC9;DICOS</subfield>
  </datafield>
  <datafield tag="650" ind1=" " ind2="0">
    <subfield code="9">4193</subfield>
    <subfield code="a">PROYECTO DE LEY</subfield>
  </datafield>
  <datafield tag="773" ind1="0" ind2=" ">
    <subfield code="0">2714</subfield>
    <subfield code="9">3171</subfield>
    <subfield code="d">Ciudad Aut&#xF3;noma de Buenos Aires : Thomson Reuters La Ley, 2014-</subfield>
    <subfield code="t">Revista anales de legislaci&#xF3;n argentina. N&#xBA; 7 - Julio 2024.</subfield>
  </datafield>
  <datafield tag="942" ind1=" " ind2=" ">
    <subfield code="2">udc</subfield>
    <subfield code="c">ANA</subfield>
  </datafield>
</record>
